FC Schalke 04 Squad 2022-2023 - Statistics

General Stats
  • This quiz has been taken 92 times
  • The average score is 21 of 39
Answer Stats
# Position Nation Player % Correct
1 GK Germany Ralf Fährmann
97%
9 FW Germany Simon Terodde
86%
10 MF Uruguay Rodrigo Zalazar
85%
30 MF Czech Republic Alex Král
82%
4 DF Japan Maya Yoshida
82%
11 FW Germany Marius Bülter
80%
2 DF Netherlands Thomas Ouwejan
77%
7 FW Sweden Jordan Larsson
74%
- Coach Germany Thomas Reis
74%
13 GK Germany Alexander Schwolow
71%
35 DF Poland Marcin Kamiński
69%
27 DF Switzerland Cédric Brunner
66%
34 GK Austria Michael Langer
65%
5 DF Netherlands Sepp van den Berg
63%
6 MF Germany Tom Krauß
63%
26 FW Switzerland Michael Frey
62%
25 DF Germany Moritz Jenz
62%
41 DF Germany Henning Matriciani
58%
19 FW Turkey Kenan Karaman
58%
8 MF Germany Danny Latza
52%
24 MF Germany Dominick Drexler
51%
3 DF Austria Leo Greiml
51%
40 FW Germany Sebastian Polter
51%
20 MF France Florent Mollet
49%
- Coach Germany Frank Kramer
49%
38 FW Japan Soichiro Kozuki
48%
33 MF Colombia Éder Balanta
43%
22 DF Mali Ibrahima Cissé
43%
28 GK Germany Justin Heekeren
43%
29 FW Germany Tobias Mohr
43%
18 DF Finland Jere Uronen
42%
20 FW Germany Tim Skarke
42%
23 DF Germany Mehmet Aydin
34%
17 MF Germany Florian Flick
31%
- Coach Germany Matthias Kreutzer
31%
37 FW Romania Andreas Ivan
20%
42 DF Germany Kerim Çalhanoğlu
18%
21 MF Germany Niklas Tauer
18%
15 DF France Timothée Kolodziejczak
12%
No matching quizzes found
Score Distribution
Percent of People with Each Score
Percentile by Number Answered
Your Score History
You have not taken this quiz